Administración de personal
Gespeichert in:
| Hauptverfasser: | , |
|---|---|
| Format: | Buch |
| Sprache: | Spanisch |
| Veröffentlicht: |
Ciudad de México
Continental
1977
|
| Schlagworte: | |
| Tags: |
Tag hinzufügen
Keine Tags, Fügen Sie den ersten Tag hinzu!
|
MARC
| LEADER | 00000nam a2200000 a 4500 | ||
|---|---|---|---|
| 001 | UCR9376 | ||
| 003 | CL-VaPUC | ||
| 008 | 980613e19770000MX |||||||||||||||||spa|d | ||
| 082 | 0 | 4 | |a 658.3 |b CHR |2 21 |
| 100 | 0 | |a Chruden, Herbert J |e author |9 411845 | |
| 700 | 0 | |a Sherman, Arthur W |e author |9 411846 | |
| 245 | 1 | 0 | |a Administración de personal |
| 300 | |a 661 p | ||
| 942 | |c BK | ||
| 945 | |d 19980613 00:00:00 |a crobeson | ||
| 260 | |a Ciudad de México |b Continental |c 1977 | ||
| 650 | 0 | |a Recursos humanos |9 228420 | |
| 650 | 7 | |a MANO DE OBRA |2 CL-VaPUC |9 315053 | |
| 650 | 7 | |a PLANIFICACION INDUSTRIAL |2 CL-VaPUC |9 331542 | |
| 650 | 7 | |a ESTADISTICAS DE PERSONAL |2 CL-VaPUC |9 372068 | |
| 583 | |a last modification |c 20160929 08:12:47 |k Rodrigo Vera | ||
| 999 | |c 270574 |d 270572 | ||
| 952 | |0 0 |1 0 |4 0 |6 658_300000000000000_CHR_1977 |7 0 |8 A |9 304900 |a BIBENE |b BIBENE |d 2019-11-20 |i 1411551 |o 658.3 CHR 1977 |p 1411551 |r 2025-01-15 |w 2019-11-20 |y BK |k ICO | ||
| 952 | |0 0 |1 0 |4 0 |6 658_300000000000000_CHR_1977 |7 0 |8 A |9 304901 |a BIBENE |b BIBENE |d 2019-11-20 |i 141156K |o 658.3 CHR 1977 |p 141156K |r 2025-01-15 |w 2019-11-20 |y BK |k ICO | ||
| 952 | |0 0 |1 0 |4 0 |6 658_300000000000000_CHR_1977 |7 0 |8 A |9 304902 |a BIBENE |b BIBENE |d 2019-11-20 |i 1411578 |o 658.3 CHR 1977 |p 1411578 |r 2025-01-15 |w 2019-11-20 |y BK |k ICO | ||
| 952 | |0 0 |1 0 |4 0 |6 658_300000000000000_CHR_1977 |7 0 |8 A |9 304903 |a BIBENE |b BIBENE |d 2019-11-20 |i 1411586 |o 658.3 CHR 1977 |p 1411586 |r 2025-01-15 |w 2019-11-20 |y BK |k ICO | ||
| 952 | |0 0 |1 0 |4 0 |6 658_300000000000000_CHR_1977 |7 0 |8 A |9 304904 |a BIBENE |b BIBENE |d 2019-11-20 |i 1411594 |o 658.3 CHR 1977 |p 1411594 |r 2025-01-15 |w 2019-11-20 |y BK |k ICO | ||
| 952 | |0 0 |1 0 |4 0 |6 658_300000000000000_CHR_1977 |7 0 |8 A |9 304905 |a BIBENE |b BIBENE |d 2019-11-20 |i 1411608 |o 658.3 CHR 1977 |p 1411608 |r 2025-01-15 |w 2019-11-20 |y BK |k ICO | ||